| 000 | 00687nam a22002057a 4500 | ||
|---|---|---|---|
| 008 | 250322b |||||||| |||| 00| 0 eng d | ||
| 020 | _a9780198856061 | ||
| 040 |
_aCUZ _beng _crda _dCUZ _erda |
||
| 050 | _aB2799STE | ||
| 100 | _aRobert Stern | ||
| 245 |
_aKantian Ethics: _bValue, Agency and Obligation/ _cby Robert Stern |
||
| 264 |
_aNew York . _bOxford University. _c©2015 |
||
| 300 | _aextent x,284pages | ||
| 336 |
_atext _btxt |
||
| 337 |
_aunmediated _bn |
||
| 338 | _2rdacarrier | ||
| 500 | _aincludes bibliography and index | ||
| 650 |
_aThemes from Kant's Ethics _aEthics after Kant _aWhy does ought imply can? |
||
| 942 |
_cOS _i2799STE _kB |
||
| 999 |
_c45082 _d45082 |
||